书目信息 |
| 题名: |
长绒棉
|
|
| 作者: | 《长绒棉》编写组编写 | |
| 分册: | ||
| 出版信息: | 上海 上海科学技术出版社 1978 |
|
| 页数: | 155页 | |
| 开本: | 19cm | |
| 丛书名: | ||
| 单 册: | ||
| 中图分类: | S562 | |
| 科图分类: | ||
| 主题词: | 棉花,长绒棉 | |
| 电子资源: | ||
| ISBN: | ||
| 000 | 00514nam0 2200205 45 | |
| 001 | 0178000773 | |
| 005 | 20061122164513.78 | |
| 010 | @dCNY0.37 | |
| 091 | @a16119.624 | |
| 100 | @a19950802d1978 em y0chiy0121 ea | |
| 101 | 0 | @achi |
| 102 | @aCN@b310000 | |
| 105 | @ay z 000yy | |
| 200 | 10 | @a长绒棉@Achang rong mian@f《长绒棉》编写组编写 |
| 210 | @a上海@c上海科学技术出版社@d1978 | |
| 215 | @a155页@d19cm | |
| 606 | @a棉花,长绒棉 | |
| 690 | @aS562@v3 | |
| 801 | 0 | @aCN@bTSSF@c20061122 |
| 905 | @a10447@dS562@e1 | |
| 长绒棉/《长绒棉》编写组编写.-上海:上海科学技术出版社,1978 |
| 155页;19cm |
| ISBN :CNY0.37 |
| ● |
| 相关链接 |
|
|
|
|
正题名:长绒棉
索取号:S562/1
 
预约/预借
| 序号 | 登录号 | 条形码 | 馆藏地/架位号 | 状态 | 备注 |
| 1 | 0004525 | 000717781 | 第二样本阅览室/ [索取号:S562/1] | 在馆 |